El zar saltán y otros romances /
Guardado en:
| Autor Principal: | |
|---|---|
| Otros Autores: | , , |
| Formato: | Libro |
| Publicado: |
Buenos Aires :
Colihue,
2014
|
| Series: | Los libros de Boris
|
| Materias: | |
| Etiquetas: |
Agregar Etiqueta
Sin Etiquetas, Sea el primero en etiquetar este registro!
|
| LEADER | 01245nam a22002895a 4500 | ||
|---|---|---|---|
| 001 | CEM.cems015310 | ||
| 005 | 20191108165525.0 | ||
| 008 | 130507s2014##################000#0#####d | ||
| 003 | CEMS | ||
| 020 | |a 9789876848381 | ||
| 082 | 0 | 4 | |a 891.733 |
| 100 | 1 | |a Pushkin, Alexandr | |
| 245 | 1 | 0 | |a El zar saltán y otros romances / |c Alexandr Pushkin ; adaptado Por Oche Califa ; ilustrado Por Omar Francia ; traducido Por Omar Lobos |
| 260 | |a Buenos Aires : |b Colihue, |c 2014 | ||
| 300 | |a 128 p. | ||
| 490 | 0 | |a Los libros de Boris | |
| 505 | 0 | |a Noticia -- Los cuentos del Gato Sabio -- Romance del zar Saltán, de su hijo el príncipe Guidón Saltánovich, famoso y poderoso paladín, y de la bellísima zarievna Cisne -- Romance del gallito de oro -- Romance del pescador y el pescadito -- Romance de la zarievna muerta y los siete paladines -- Romance del pope y su ayudante | |
| 653 | |a Literatura | ||
| 653 | |a Literatura rusa | ||
| 653 | |a Literatura infantil | ||
| 653 | |a Cuentos infantiles | ||
| 653 | |a Colección ciencias de la educación | ||
| 653 | |a Romances | ||
| 700 | 1 | |a Califa, Oche; adap. | |
| 700 | 1 | |a Francia, Omar; il. | |
| 700 | 1 | |a Lobos, Omar; trad. | |
| 859 | |a CEMS |b BIB. CEMS - Ccias. Educacion |h 891.733 |i P979 |k CE |p 28525.19 |t Ej.1 | ||
